Housebuilder (Record no. 118584)

MARC details
000 -LEADER
fixed length control field 00852cas a22002415a 4500
001 - CONTROL NUMBER
control field 118584
008 - FIXED-LENGTH DATA ELEMENTS--GENERAL INFORMATION
fixed length control field 070626c1981 xxkmr p 0 a0eng
022 ## - INTERNATIONAL STANDARD SERIAL NUMBER
International Standard Serial Number 0951-1334
035 ## - SYSTEM CONTROL NUMBER
System control number (Sirsi) u98925
041 ## - LANGUAGE CODE
Language code of text/sound track or separate title eng
110 2# - MAIN ENTRY--CORPORATE NAME
Corporate name or jurisdiction name as entry element Home Builders Federation
9 (RLIN) 4896
240 ## - UNIFORM TITLE
Uniform title Housebuilder
245 00 - TITLE STATEMENT
Title Housebuilder
260 ## - PUBLICATION, DISTRIBUTION, ETC.
Place of publication, distribution, etc. London
Name of publisher, distributor, etc. Housebuilder Publications Ltd.
Date of publication, distribution, etc. 1981-2019
500 ## - GENERAL NOTE
General note Subscription ceased
520 ## - SUMMARY, ETC.
Summary, etc. There is also a Housebuilder website which contains monthly news bulletins and details of conferences and events. See below for link.
651 #4 - SUBJECT ADDED ENTRY--GEOGRAPHIC NAME
Geographic name England and Wales
Chronological subdivision 1543-
690 ## - LOCAL SUBJECT ADDED ENTRY--TOPICAL TERM (OCLC, RLIN)
Topical term or geographic name as entry element Residential property
9 (RLIN) 6266
710 2# - ADDED ENTRY--CORPORATE NAME
Corporate name or jurisdiction name as entry element National House Building Council
856 41 - ELECTRONIC LOCATION AND ACCESS
Uniform Resource Identifier <a href="https://www.house-builder.co.uk/">https://www.house-builder.co.uk/</a>
Public note View the Housebuilder website at www.house-builder.co.uk
942 ## - ADDED ENTRY ELEMENTS (KOHA)
Suppress in OPAC 0
Source of classification or shelving scheme Dewey Decimal Classification
948 ## - LOCAL PROCESSING INFORMATION (OCLC); SERIES PART DESIGNATOR (RLIN)
c (OCLC) 12/09/1994
Holdings
Withdrawn status Lost status Source of classification or shelving scheme Damaged status Not for loan Home library Current library Shelving location Date acquired Total Checkouts Full call number Barcode Date last seen Price effective from Koha item type
    Other/Generic Classification Scheme     London London Gallery 20/10/2004   HOUSEBUILDER 98925-1001 06/08/2019 06/08/2019 Journal